Mangalore International Airport Destinations (Mangalore, India) - Statistics

General Stats
  • This quiz has been taken 23 times
    8 since last reset
  • The average score is 8 of 15
Answer Stats
Airline Destination % Correct
Air India Express/IndiGo Delhi
100%
Air India Express/IndiGo Mumbai
100%
Air India Express/IndiGo Chennai
83%
Air India Express/IndiGo Bangalore
67%
Air India Express/IndiGo Hyderabad
67%
Air India Express/IndiGo Abu Dhabi
50%
Air India Express Bahrain
50%
Air India Express Doha
50%
Air India Express/IndiGo Dubai (International)
50%
Air India Express Kuwait
50%
Air India Express Muscat
50%
Air India Express Pune
50%
Air India Express Dammam
17%
Air India Express Jeddah
17%
Air India Express Kannur
17%
No matching quizzes found
Score Distribution
Percent of People with Each Score
Percentile by Number Answered
Your Score History
You have not taken this quiz since the last reset